El género en disputa: el feminismo y la subversión de la identidad

Uloženo v:
Podrobná bibliografie
Hlavní autor: Butler, Judith (Autor)
Médium: Kniha
Jazyk:španělština
Vydáno: Barcelona Paidós 2007
Vydání:1a. ed
Edice:Paidós Studio, 168
Témata:
Tagy: Přidat tag
Žádné tagy, Buďte první, kdo vytvoří štítek k tomuto záznamu!

MARC

LEADER 00000cam a2200000 a 4500
001 UCF8978
003 CL-VaPUC
005 20240125113215.0
008 131018e20070000sp |||||||||||||||||spa|d
020 |a 9788449320309 
040 |c Pontificia Universidad Católica de Valparaíso 
082 0 4 |a 305.4  |b BUT  |2 21 
100 0 |a Butler, Judith  |e author  |9 571119 
245 1 3 |a El género en disputa: el feminismo y la subversión de la identidad 
250 |a 1a. ed 
260 |a Barcelona  |b Paidós  |c 2007 
300 |a 316 p 
490 0 |a Paidós Studio, 168 
583 |a last modification  |c 20131018 14:00:00  |k Rodrigo Vera 
650 0 |a Mujeres  |9 257649 
650 0 |a Feminismo  |9 259085 
650 0 |a Antropología cultural y social   |9 265143 
852 |a BIBCUR 
942 |c BK  |2 ddc 
945 |d 20131018 14:00:00  |a cmena 
999 |c 353475  |d 353473 
952 |0 0  |1 0  |3 erb  |4 0  |6 305_400000000000000_BUT_2007  |7 0  |8 A  |9 458715  |a BIBGIM  |b BIBGIM  |d 2019-11-23  |i 501350K  |o 305.4 BUT 2007  |p 501350K  |r 2025-01-15  |w 2019-11-23  |y BK  |z Catalogado en:20131018  |k SSL 
952 |0 0  |1 2  |3 erb  |4 0  |6 305_400000000000000_BUT_2007  |7 0  |8 A  |9 458716  |a BIBGIM  |b BIBGIM  |d 2019-11-23  |i 5013518  |o 305.4 BUT 2007  |p 5013518  |r 2019-11-23  |w 2019-11-23  |y BK  |z Catalogado en:20131018  |k SSL 
952 |0 0  |1 0  |3 erb  |4 0  |6 305_400000000000000_BUT_2007  |7 0  |8 A  |9 458717  |a BIBEDU  |b BIBEDU  |i 5376831  |l 12  |m 5  |o 305.4 BUT 2007  |p 5376831  |r 2024-06-18  |s 2024-05-17  |w 2019-11-23  |y BK  |z Catalogado en:20170519  |k FIL 
952 |0 0  |1 0  |3 erb  |4 0  |6 305_400000000000000_BUT_2007  |7 0  |8 A  |9 458718  |a BIBING  |b BIBING  |e 45  |g 14900.00  |i 5555752  |l 2  |o 305.4 BUT 2007  |p 5555752  |r 2025-01-20  |s 2022-11-08  |w 2019-11-23  |y BK  |z Catalogado en:20190719  |k GEO